|
|
|
|
| LEADER |
00000nam a22000007a 4500 |
| 005 |
20180503004649.0 |
| 007 |
cr|||| |||| |
| 008 |
180503s2017 mx |||||s||||f00||0 spa d |
| 020 |
|
|
|a 978-607-524-168-5
|
| 035 |
|
|
|a 21564
|
| 040 |
|
|
|a vLex
|
| 090 |
|
|
|c 7886
|d 7886
|
| 100 |
1 |
|
|a Camacho, Cšar
|
| 245 |
1 |
0 |
|a Fuentes histr̤icas, Constitucin̤ de 1917
|h [Recurso electrn̤ico] /
|c Cšar Camacho, Jorge Fernǹdez Ruiz
|n Volumen IV
|
| 256 |
|
|
|a Servicio en ln̕ea
|
| 260 |
|
|
|a Ciudad de Mx̌ico:
|b Cm̀ara de Diputados,
|c 2017
|
| 300 |
|
|
|a 1 recurso electrn̤ico
|
| 506 |
1 |
|
|a Disponible solo en los productos indicados
|d vLex Global
|d vLex Global (Academic Edition, excluding Law Schools)
|d vLex Global (U.S. Academic Edition, Law Schools)
|d vLex Global (U.S. Academic Edition, excluding Law Schools)
|d vLex Global (Academic Edition, Law Schools)
|
| 650 |
0 |
4 |
|a Derecho Constitucional
|z Mx̌ico
|
| 700 |
1 |
|
|a Fernǹdez Ruiz, Jorge
|
| 740 |
0 |
|
|a vLex Libros (Servicio en ln̕ea)
|
| 856 |
4 |
0 |
|u http://vlex.com/source/fuentes-historicas-constitucion-1917-volumen-iv-21564
|z Acceso restringido
|
| 942 |
|
|
|c BOOK
|
| 999 |
0 |
|
|a Constitutional right
|